More Calories - McDonald's vs Burger King Menu Items - Statistics

General Stats
  • This quiz has been taken 253 times
  • The average score is 7 of 12
Answer Stats
Question Answer % Correct
Which has more calories? Chocolate Oreo Shake
78%
Which has more calories? BIG FISH sandwich
76%
Which has more calories? CROISSAN'WICH Egg & Cheese
72%
Which has more calories? Fruit and Maple Oatmeal
60%
Which has more calories? Original Chicken Sandwich
58%
Which has more calories? Caramel Frappe
56%
Which has more calories? Big Breakfast with Hotcakes
54%
Which has more calories? Whopper
50%
Which has more calories? Dutch Apple Pie
48%
Which has more calories? McDouble
48%
Which has more calories? Hot Fudge Sundae
42%
Which has more calories? Breakfast Burrito Jr
16%
No matching quizzes found
Score Distribution
Percent of People with Each Score
Percentile by Number Answered
Your Score History
You have not taken this quiz